000 00522nam a2200145 4500
999 _c11016
_d11016
008 181004b ||||| |||| 00| 0 eng d
022 _a2094-8042
082 _aDPer 370.105 M72 Jan-Dec 2011 v59- 60
100 _931963
_aRegiz-Villoria, Ma. Christina
245 _aHelpful parent - teacher conference tips/
_cMa. Christina Regiz- Villoria.
260 _aPhilippines:
_bIn the Grade School, Inc.,
_cc2011.
300 _av60 n7, pages 280-281;
_c27cm.
650 0 _931964
_aParent-teacher relationship.
942 _2ddc
_cPER